Stidies on some concepts of the alamkara sastra / (Record no. 41336)

MARC details
000 -LEADER
fixed length control field 00739nam a22002177a 4500
005 - DATE AND TIME OF LATEST TRANSACTION
control field 20100812133817.0
010 ## - LCCN (DPL NO)
LC control number ENG-100083
020 ## - INTERNATIONAL STANDARD BOOK NUMBER
International Standard Book Number 0835672980
Terms of availability 290.00
035 ## - SYSTEM CONTROL NUMBER
System control number EN-83615
037 ## - SOURCE OF ACQUISITION
Source of stock number/acquisition DBAD/PUB
082 ## - DEWEY DECIMAL CLASSIFICATION NUMBER
Classification number 810
100 ## - MAIN ENTRY--PERSONAL NAME
Personal name Raghavan, V.
245 ## - TITLE STATEMENT
Title Stidies on some concepts of the alamkara sastra /
Statement of responsibility, etc by V. Raghavan
260 ## - PUBLICATION, DISTRIBUTION, ETC. (IMPRINT)
Place of publication, distribution, etc Chennai
Name of publisher, distributor, etc Adyar Library and Research Centre
Date of publication, distribution, etc 2009
270 ## - ADDRESS
Address Theosophical Society, Adyar
City Chennai
Postal code 600020
300 ## - PHYSICAL DESCRIPTION
Extent xxiv, 345p.
Dimensions 21cm (Hb)
500 ## - GENERAL NOTE
General note Includes index
650 ## - SUBJECT ADDED ENTRY--TOPICAL TERM
Topical term or geographic name as entry element Sanskrit literature
942 ## - ADDED ENTRY ELEMENTS (KOHA)
Source of classification or shelving scheme Dewey Decimal Classification
Item type English Books
Classification part 810
Call number suffix RAG
Holdings
Withdrawn status Lost status Not for loan Collection code Home library Current library Date acquired Source of acquisition Cost, normal purchase price Full call number Barcode Copy number Cost, replacement price Koha item type
    Not For Loan Non-fiction D.B.Act.Division D.B.Act.Division 12/08/2010 DBAD/PUB 290.00 810 RAG EN-83615 1 290.00 English Books

© Delhi Public Library
Hit Counter
free hit counter